000 00659nam a2200205Ii 4500
003 JO-AjNU
008 230606s9999||||xx |||||||||||||| ||und||
020 _a978-0-446-56740-4
040 _aJO-AjNU
_beng
_erda
_cJO-AjNU
041 _aeng
050 1 4 _aHG179 .K56512 2010
100 3 _aKiyosaki,Robert,
_eauthor
_92458
245 0 0 _aRich Dad, Poor Dad: What the Rich Teach Their Kids About Money -That the poor and Middle Class Do Not
264 3 1 _aNew York: Business Plus, 2010
300 _a266p
336 _atext
_btxt
_2rdacontent
337 _aunmediated
_bn
_2rdamedia
338 _avolume
_bnc
_2rdacarrier
650 4 _aFinancial Management
_92459
999 _aE1287
_c1287
_d1287